00954nam a2200277 a 4500003000900000005001700009007000300026008004100029020001500070040002500085082002500110100003500135245004900170264002800219300002100247490002600268490003300294500005200327590002700379650002500406650002900431910003700460942001400497952014800511999001700659DO-SdBNP20230315112919.0ta230221t19821993|||||||gr|||| 001 fdspa d a8447301257 aDO-SdBNPbspacBNPHU 4aCh863.44bA432ca2221 4Allende, Isabel,d1942-98314313aLa casa de los espíritus /cIsabel Allende aBarcelona :bRBA,c1993 a447 p. ;c21 cm.0 aNarrativa actual ;v60 aAutores de Lengua Española aIncluye datos biográficos de la autora : p.4 aInventariado 2023 / MF 4aNovela chilena93163 4aLiteratura chilena93164 aValidado. Control de calidad MFF 2ddccLBS1 00102ddc56708GRaBNPHUbBNPHUcHDd2014-02-21eDonado por Maniel OrtízoBNPHU GR Ch863.44 A432cap2023-1050r2023-02-21w2023-02-21yLBS1 c53134d53134